Can You Name All The Characteristics Of El Primo From Brawl Stars? - Statistics

General Stats
  • This quiz has been taken 2 times
  • The average score is 10 of 15
Answer Stats
Hint Answer % Correct
Gadgets Asteroid Belt
100%
Title El Luchador
100%
Hypercharge Gravity Leap
100%
Buffies No
100%
Rarity Rare
100%
Gadgets Suplex Supplement
100%
Class Tank
100%
Trait Damage Received
50%
Star Power El Fuego
50%
Attack Fists of Fury
50%
Super Flying Elbow Drop
50%
Star Power Meteor Rush
50%
Trio Poco's Bandstand
50%
Voice Actor Alejandro Sanchez
0%
Prestige Title Sin Dolor No Hay Gloria
0%
No matching quizzes found
Score Distribution
Percent of People with Each Score
Percentile by Number Answered
Your Score History
You have not taken this quiz